Seleções da CONMEBOL pelo Ranking da FIFA - Statistics

Estatísticas Gerais
  • Esse quiz foi jogado 101 vezes
  • A pontuação média é 9 de 10
Estatísticas das Respostas
Rank Inicial Seleções % Correto
3 A Argentina
100%
6 B Brasil
100%
17 U Uruguai
100%
13 C Colômbia
97%
23 E Equador
96%
53 P Peru
95%
49 V Venezuela
92%
76 B Bolívia
91%
40 P Paraguai
91%
54 C Chile
87%
Nenhum quiz correspondente encontrado
Distribuição das Pontuações
Porcentagem de Pessoas com Cada Pontuação
Percentil de Números Respondidos
Sua Pontuação Histórica
Você não jogou esse quiz